01242camaa22003372i 450000100090000000300090000900500170001800800410003501000170007602000240009302000210011704000380013805000240017608200230020010000270022324500840025026400470033430000480038133600260042933700280045533800270048350000200051050400330053054100760056363000230063965000390066265000400070165000560074170000260079785600810082314676087EG-GICUC20260604111507.0061219s2007 waua jr 001 0 eng  a 2006940673 a9780735622494qpbk. a0735622493qpbk. aDLCcDLCdDLCdEG-GICUCbengerda00aHD69.T54bB973 200704221a005.367bB99661 aByrne, Randy.eAuthor.10aProgramming applications for Microsoft Outlook 2007 /cRandy Byrne, Ryan Gregg. aRedmond, Wash. :bMicrosoft Press,cc2007. axxxvi, 568 pages :billustrations ;c24 cm. atextbtxt2rdacontent aunmediatedbn2rdamedia avolumebnc2rdacarrier aIncludes index. aBibliography: pages 543-568. aوزارة الثقافة ؛bالقاهرة ؛cإهداء ؛d2023.00aMicrosoft Outlook. 0aApplication softwarexDevelopment. 0aTime managementxComputer programs. 0aPersonal information managementxComputer programs.1 aGregg, Ryan.eAuthor.413Table of contents onlyuhttp://www.loc.gov/catdir/toc/fy0714/2006940673.html